• 首页
  • 本馆介绍
  • 公告通知
  • 最新文献
  • 馆藏检索
  • 电子资源
  • 读者导购
  • 参考咨询
  • 我的图书馆
  • 登录
  • 详细信息显示
  • 放入我的书架
  • 预约/预借图书
  • 作者相关作品
  • 分类相关作品
  • 丛书相关作品
  • 出版社相关作品

书目信息

  • 表格格式
  • 工作单格式
  • 卡片格式
题名:
全新大学俄语综合教程
    
 
作者: 何红梅 , 马步宁 总主编 ;李秀荣 , 李小青 主编
分册: 4  
出版信息: 北京   高等教育出版社  2010
页数: 177页
开本: 26cm
丛书名:
单 册:
中图分类: H35
科图分类:
主题词: 俄语--高等教育--教材
电子资源:
ISBN: 978-7-04-030628-6
000 01054nam0 2200289 450
001 0102050476
005 20110310160949.0
010    @a978-7-04-030628-6@dCNY31.00
100    @a20110126d2010 em y0chiy0120 ea
101 0  @achi@arus
102    @aCN@b110000
105    @aa z 000yy
106    @ar
200 1  @a全新大学俄语综合教程@9Quan Xin Da;Dai Xue E Yu Zong;Zeng He;Ge Jiao Cheng @f何红梅,马步宁总主编@g李秀荣,李小青主编@h4@b专著
210    @a北京@c高等教育出版社@d2010
215    @a177页@c图@d26cm@e1光盘
300    @a普通高等教育“十一五”国家级规划教材
307    @a附光盘:ISRC CN-M02-10-0254-0
330    @a本书共8课,每课围绕一个话题展开,主要包括精读、听说和写作三个部分。书后附总词汇表。
606 0  @a俄语@x高等教育@j教材
690    @aH35@v4
701  0 @a何红梅@c(女,@f1961.11~)@4总主编@9he hong mei
701  0 @a马步宁@f(1951~)@4总主编@9ma bu ning
702  0 @a李秀荣@c(俄语)@4主编@9li xiu rong
702  0 @a李小青@c(俄语)@4主编@9li xiao qing
801  0 @aCN@bAZmarc@c20230901
905    @aBZT@dH35@e11:4@f1@sH35/11:4
    
    全新大学俄语综合教程/何红梅,马步宁总主编/李秀荣,李小青主编.4.-北京:高等教育出版社,2010
    177页:图;26cm+1光盘
    普通高等教育“十一五”国家级规划教材
    
    ISBN 978-7-04-030628-6:CNY31.00
    本书共8课,每课围绕一个话题展开,主要包括精读、听说和写作三个部分。书后附总词汇表。
●
相关链接 在五车中查询图书 在当当中查询图书 在豆瓣中查询图书


正题名:全新大学俄语综合教程     索取号:H35/11:4         预约/预借

序号 登录号 条形码 馆藏地/架位号 状态 备注
1 2000000371   2000000371   旧书回溯/ [索取号:H35/11:4] 在馆    
山东省滨州职业学院图书馆 欢迎您!
大连网信软件有限公司© 版权所有